Xylem structure and the ascent of sap (Record no. 38470)
[ view plain ]
| 000 -LEADER | |
|---|---|
| fixed length control field | 00470nam a2200169Ia 4500 |
| 082 ## - DEWEY DECIMAL CLASSIFICATION NUMBER | |
| Classification number | 581.824.1 |
| Item number | ZIM |
| 100 ## - MAIN ENTRY--AUTHOR NAME | |
| Personal name | ZIMMERMANN, Martin H |
| 245 #0 - TITLE STATEMENT | |
| Title | Xylem structure and the ascent of sap |
| 260 ## - PUBLICATION, DISTRIBUTION, ETC. (IMPRINT) | |
| Place of publication | Berlin |
| Name of publisher | Springer-Verlag |
| Year of publication | 1983 |
| 490 ## - SERIES STATEMENT | |
| Series statement | Springer series in wood science |
| 650 ## - SUBJECT ADDED ENTRY--TOPICAL TERM | |
| Topical Term | Ascent of sap |
| 650 ## - SUBJECT ADDED ENTRY--TOPICAL TERM | |
| Topical Term | Xylem Pathology |
| 650 ## - SUBJECT ADDED ENTRY--TOPICAL TERM | |
| Topical Term | Xylem senescence |
| 650 ## - SUBJECT ADDED ENTRY--TOPICAL TERM | |
| Topical Term | Xylem structure |
| 942 ## - ADDED ENTRY ELEMENTS (KOHA) | |
| Koha item type | Books |
| Withdrawn status | Lost status | Damaged status | Not for loan | Home library | Current library | Date acquired | Full call number | Accession Number | Koha item type |
|---|---|---|---|---|---|---|---|---|---|
| RRII Library | RRII Library | 16/12/2021 | 581.824.1 ZIM | 18827 | Books |